000 00253nam a22001217a 4500
041 _aENG
100 _aYadav.K.S
245 _aWorkshop Technology -1
260 _aDelhi
_bVayu Education
_c2011
300 _a320
650 _aFMP
856 _uFMP ( 17 )
999 _c1395
_d1395